| 000 | 00878nam a22002897a 4500 | ||
|---|---|---|---|
| 001 | BR0601686 | ||
| 003 | BR-BrBNA | ||
| 005 | 20230928102128.0 | ||
| 007 | ta | ||
| 008 | 230509b bl.||||| |||| 00| 0 por d | ||
| 040 |
_aBR-BrBNA _bpor _cBiblioteca Nacional de Agricultura |
||
| 041 | _a(Por) | ||
| 072 |
_aF04 _b0430 |
||
| 090 | _ 0430 BR0601686 | ||
| 100 | 1 | _aSchmidt, P.A. | |
| 110 | 1 |
_aUniversidade Federal de Lavras, MG (Brasil) _0Tese (Mestrado) |
|
| 245 | 1 | _aInfluência do nitrogênio na produtividade e qualidade da fibra do algodoeiro | |
| 260 | 3 |
_aLavras, MG (Brasil): _c2005. |
|
| 300 | _a60 p. | ||
| 500 | _aSummaries (Eng, Por); Bibliography p. 51-60; 12 illus.; 20 tables | ||
| 650 | _aALGODÃO | ||
| 650 | _aFIBRA VEGETAL | ||
| 650 | _aFERTILIZANTE NITROGENADO | ||
| 650 | _aPRODUTIVIDADE | ||
| 909 |
_a202309 _bLucia _c55 _dLucia Elande |
||
| 942 | _cBK | ||
| 999 |
_c69281 _d69281 |
||